000
00377nam a22001697a 4500
003
MPLRDC
005
20220104143521.0
008
210129b ||||| |||| 00| 0 eng d
082
_a
523.37 GY
100
_a
高炎编著
245
_a
小学韵律活动
_c
250
_a
三版
260
_a
_b
正中书局
_c
1950
300
_b
平
650
_a
942
_c
BK
_o
523.37 GY
999
_c
40689
_d
40679